Countries of the World - Closest Country - Statistics

General Stats
  • This quiz has been taken 56 times
  • The average score is 76 of 196
Answer Stats
COUNTRY CLOSEST COUNTRY % Correct
Afghanistan Pakistan
93%
Argentina Chile
85%
Andorra France
85%
Albania Macedonia
83%
Algeria Tunisia
83%
Armenia Azerbaijan
80%
Angola Namibia
80%
Belize Guatemala
72%
Bahrain Qatar
72%
Canada United States
70%
Azerbaijan Armenia
67%
Belarus Lithuania
67%
Belgium Luxembourg
67%
Bolivia Paraguay
67%
Chile Argentina
65%
Bangladesh Bhutan
65%
Bosnia and Herzegovina Croatia
65%
Haiti Dominican Republic
65%
Dominican Republic Haiti
65%
Finland Sweden
65%
Brazil Bolivia
63%
Croatia Bosnia and Herzegovina
63%
Eritrea Djibouti
63%
Colombia Ecuador
63%
El Salvador Honduras
63%
East Timor Indonesia
63%
Israel Jordan
63%
Estonia Latvia
63%
Brunei Malaysia
63%
China Mongolia
63%
Costa Rica Nicaragua
63%
Antigua and Barbuda Saint Kitts and Nevis
63%
Benin Togo
63%
Ireland United Kingdom
63%
Italy Vatican City
63%
Cambodia Vietnam
63%
Georgia Armenia
61%
Bhutan Bangladesh
61%
Ecuador Colombia
61%
Bahamas Cuba
61%
Djibouti Ethiopia
61%
Egypt Israel
61%
Bulgaria Macedonia
61%
Greece Macedonia
61%
Gambia Senegal
61%
Burma Bangladesh
59%
Guatemala Belize
59%
Honduras El Salvador
59%
Botswana Namibia
59%
Denmark Netherlands
59%
France Switzerland
59%
Czech Republic Austria
57%
Iceland Ireland
57%
Burundi Rwanda
57%
Barbados Saint Lucia
57%
Japan South Korea
57%
Cuba Bahamas
54%
Jordan Israel
54%
Cyprus Lebanon
54%
Germany Luxembourg
54%
Comoros Madagascar
54%
Indonesia Malaysia
54%
Austria Slovenia
54%
Guyana Suriname
54%
Ghana Togo
54%
Ethiopia Djibouti
52%
Equatorial Guinea Gabon
52%
Burkina Faso Ghana
52%
Cote d'Ivoire Liberia
52%
India Nepal
52%
Hungary Slovakia
52%
Iraq Syria
52%
Chad Central African Republic
50%
Cape Verde Gambia
50%
Guinea Sierra Leone
50%
Jamaica Cuba
48%
Australia East Timor
48%
Dominica Saint Lucia
48%
Kazakhstan Uzbekistan
48%
Cameroon Equatorial Guinea
46%
Gabon Equatorial Guinea
46%
Grenada Saint Vincent and the Grenadines
46%
Liechtenstein Switzerland
46%
Kenya Uganda
46%
Democratic Republic of the Congo Burundi
43%
Central African Republic Cameroon
43%
Guinea-Bissau Gambia
43%
Iran Kuwait
43%
Lithuania Latvia
43%
Federated States of Micronesia Marshall Islands
43%
Kosovo Montenegro
43%
Fiji Vanuatu
43%
Luxembourg Belgium
41%
Lebanon Israel
41%
Latvia Lithuania
41%
Lesotho South Africa
41%
Madagascar Comoros
39%
Macedonia Kosovo
39%
Liberia Sierra Leone
39%
Kyrgyzstan Tajikistan
39%
Laos Vietnam
39%
Kuwait Bahrain
35%
Malaysia Brunei
35%
Mexico Guatemala
35%
Maldives Sri Lanka
35%
Moldova Ukraine
35%
Netherlands Belgium
33%
Mongolia China
33%
Libya Malta
33%
Kiribati Nauru
33%
North Korea South Korea
33%
Norway Sweden
33%
Namibia Botswana
30%
San Marino Italy
30%
Montenegro Kosovo
30%
Mauritius Madagascar
30%
Malawi Mozambique
30%
Monaco Switzerland
30%
Malta Tunisia
30%
Oman United Arab Emirates
30%
Qatar Bahrain
28%
Senegal Gambia
28%
Mozambique Malawi
28%
Niger Nigeria
28%
Mauritania Senegal
28%
Portugal Spain
28%
Pakistan Afghanistan
26%
Nepal Bhutan
26%
Paraguay Bolivia
26%
Mali Burkina Faso
26%
Peru Ecuador
26%
Marshall Islands Kiribati
26%
South Korea North Korea
26%
Morocco Portugal
26%
Saudi Arabia Bahrain
24%
Nigeria Benin
24%
Slovenia Croatia
24%
New Zealand Fiji
24%
Nicaragua Honduras
24%
Russia Mongolia
24%
Rwanda Burundi
22%
United States Canada
22%
Panama Costa Rica
22%
Sao Tome and Principe Equatorial Guinea
22%
Republic of the Congo Gabon
22%
Slovakia Hungary
22%
Nauru Kiribati
22%
Singapore Malaysia
22%
South Sudan Sudan
22%
Vatican City Italy
20%
Serbia Kosovo
20%
South Africa Lesotho
20%
Romania Moldova
20%
Philippines Brunei
17%
Sierra Leone Guinea
17%
Palau Philippines
17%
Poland Slovakia
17%
Saint Kitts and Nevis Antigua and Barbuda
15%
Sweden Finland
15%
United Kingdom Ireland
15%
Spain Portugal
15%
Saint Lucia Saint Vincent and the Grenadines
15%
Papua New Guinea Solomon Islands
15%
Seychelles Comoros
13%
Vietnam Laos
13%
Saint Vincent and the Grenadines Saint Lucia
13%
Samoa Tonga
13%
Zambia Zimbabwe
13%
Uruguay Argentina
11%
Somalia Djibouti
11%
Uzbekistan Turkmenistan
11%
Suriname Guyana
9%
Tajikistan Kyrgyzstan
9%
Sri Lanka Maldives
9%
United Arab Emirates Qatar
9%
Sudan South Sudan
9%
Tanzania Burundi
7%
Turkey Cyprus
7%
Yemen Djibouti
7%
Vanuatu Fiji
7%
Thailand Laos
7%
Switzerland Liechtenstein
7%
Tunisia Malta
7%
Ukraine Moldova
7%
Zimbabwe Mozambique
7%
Taiwan Philippines
7%
Venezuela Trinidad and Tobago
7%
Turkmenistan Uzbekistan
7%
Togo Benin
4%
Trinidad and Tobago Grenada
4%
Syria Lebanon
4%
Swaziland Lesotho
4%
Solomon Islands Nauru
4%
Uganda Rwanda
4%
Tonga Samoa
4%
Tuvalu Fiji
2%
No matching quizzes found
Score Distribution
Percent of People with Each Score
Percentile by Number Answered
Your Score History
You have not taken this quiz